Fußballmannschaften die Joachim Löw trainiert hat - Statistiken

Allgemein
  • Dieses Quiz wurde 54 mal gespielt
  • Das Durchschnittsergebnis liegt bei 3 aus 7
Antwortstatistiken
Amtszeit Spiele PPS Antwort % Korrekt
12.07.06 bis 31.07.21 198 2,09 Deutschland
96%
21.09.96 bis 30.06.98 83 1,76 VfB Stuttgart
75%
01.07.98 bis 30.06.99 38 2,05 Fenerbahce Istanbul
46%
01.07.03 bis 24.03.04 31 1,71 Austria Wien
25%
25.10.99 bis 19.04.00 18 0,56 Karlsruher SC
23%
10.10.01 bis 30.06.02 25 1,52 FC Tirol
15%
20.12.00 bis 01.03.01 5 0,40 Adanaspor
6%
Keine übereinstimmenden Quizze gefunden
Verteilung der Resultate
Anzahl Personen mit jedem Resultat
Perzentil nach korrekt beantworteten Fragen
Ihre Resultats-Entwicklung
Sie haben dieses Quiz noch nicht gespielt